000 00856na a2200277 4500
001 12950
003 MIRAKIL
005 20181213155026.0
008 160922b tu 000 0
020 _a9786053602873
035 _a12950
040 _aMilas
_btur
_cTR-AnCHP
082 _a193
_bK83i 2011
090 _a193 K83i 2011
100 _aKuehn, Manfred
245 _aİmanuel Kant
_cManfred Kuehn; çeviren Bülent O. Doğan
260 _aİstanbul
_bTürkiye iş bankası kültür yayınları
_c2011
300 _a535 s.
_c24 sm.
490 _aTürkiye İş Bankası Kültür yayınları
_v2663
504 _aKaynakça ve dizin var.
600 _aKant, Immanuel
_d1724-1804
650 _aFilozoflar
_xYaşamöyküsü
_y18. yüzyıl
_zAlmanya
650 _aAlman felsefesi
_x18. yüzyıl
700 _aDoğan, Bülent O.
942 _2ddc
_cBKS
999 _c5066
_d5066